MyGZULibrary

AIDS on the agenda : (Record no. 3890)

MARC details
000 -LEADER
fixed length control field 01779pam a22004694a 4500
001 - CONTROL NUMBER
control field 13597992
003 - CONTROL NUMBER IDENTIFIER
control field GZU
005 - DATE AND TIME OF LATEST TRANSACTION
control field 20210310114921.0
008 - FIXED-LENGTH DATA ELEMENTS--GENERAL INFORMATION
fixed length control field 030822s2003 enka b 001 0 eng
010 ## - LIBRARY OF CONGRESS CONTROL NUMBER
LC control number 2004401263
015 ## - NATIONAL BIBLIOGRAPHY NUMBER
National bibliography number GBA3-U6626
016 7# - NATIONAL BIBLIOGRAPHIC AGENCY CONTROL NUMBER
Record control number 101200715
Source DNLM
020 ## - INTERNATIONAL STANDARD BOOK NUMBER
International Standard Book Number 0855984694
035 ## - SYSTEM CONTROL NUMBER
System control number (OCoLC)ocm54067024
040 ## - CATALOGING SOURCE
Original cataloging agency NLM
Transcribing agency DLC
Modifying agency NLM
-- CUY
-- DLC
042 ## - AUTHENTICATION CODE
Authentication code pcc
050 00 - LIBRARY OF CONGRESS CALL NUMBER
Classification number RA643.8
Item number .HOL 2003
060 00 - NATIONAL LIBRARY OF MEDICINE CALL NUMBER
Classification number 2003 O-793
060 10 - NATIONAL LIBRARY OF MEDICINE CALL NUMBER
Classification number WC 503
Item number H726a 2003
082 04 - DEWEY DECIMAL CLASSIFICATION NUMBER
Classification number 338.91
Edition number 21
100 1# - MAIN ENTRY--PERSONAL NAME
Personal name Holden, Sue,
Dates associated with a name 1968-
Relator term author
245 10 - TITLE STATEMENT
Title AIDS on the agenda :
Remainder of title adapting development and humanitarian programmes to meet the challenge of HIV/AIDS /
Statement of responsibility, etc. Sue Holden.
246 30 - VARYING FORM OF TITLE
Title proper/short title Adapting development and humanitarian programmes to meet the challenge of HIV/AIDS
260 ## - PUBLICATION, DISTRIBUTION, ETC.
Place of publication, distribution, etc. Oxford :
Name of publisher, distributor, etc. Oxfam,
Date of publication, distribution, etc. 2003.
300 ## - PHYSICAL DESCRIPTION
Extent xx, 380 p. :
Other physical details ill. ;
Dimensions 24 cm.
504 ## - BIBLIOGRAPHY, ETC. NOTE
Bibliography, etc. note Includes bibliographical references (p. 346-359) and index.
650 #0 - SUBJECT ADDED ENTRY--TOPICAL TERM
Topical term or geographic name entry element AIDS (Disease)
650 #0 - SUBJECT ADDED ENTRY--TOPICAL TERM
Topical term or geographic name entry element Economic development projects
General subdivision Social aspects.
650 12 - SUBJECT ADDED ENTRY--TOPICAL TERM
Topical term or geographic name entry element Acquired Immunodeficiency Syndrome.
650 12 - SUBJECT ADDED ENTRY--TOPICAL TERM
Topical term or geographic name entry element HIV Infections.
650 22 - SUBJECT ADDED ENTRY--TOPICAL TERM
Topical term or geographic name entry element Altruism.
650 22 - SUBJECT ADDED ENTRY--TOPICAL TERM
Topical term or geographic name entry element International Cooperation.
650 22 - SUBJECT ADDED ENTRY--TOPICAL TERM
Topical term or geographic name entry element Program Development.
650 22 - SUBJECT ADDED ENTRY--TOPICAL TERM
Topical term or geographic name entry element Public Policy.
710 2# - ADDED ENTRY--CORPORATE NAME
Corporate name or jurisdiction name as entry element ActionAid (Organization)
710 2# - ADDED ENTRY--CORPORATE NAME
Corporate name or jurisdiction name as entry element Save the Children Fund (Great Britain)
856 41 - ELECTRONIC LOCATION AND ACCESS
Materials specified Table of contents only
Uniform Resource Identifier <a href="http://www.loc.gov/catdir/enhancements/fy1411/2004401263-t.html">http://www.loc.gov/catdir/enhancements/fy1411/2004401263-t.html</a>
856 42 - ELECTRONIC LOCATION AND ACCESS
Materials specified Publisher description
Uniform Resource Identifier <a href="http://www.loc.gov/catdir/enhancements/fy1411/2004401263-d.html">http://www.loc.gov/catdir/enhancements/fy1411/2004401263-d.html</a>
856 42 - ELECTRONIC LOCATION AND ACCESS
Materials specified Contributor biographical information
Uniform Resource Identifier <a href="http://www.loc.gov/catdir/enhancements/fy1411/2004401263-b.html">http://www.loc.gov/catdir/enhancements/fy1411/2004401263-b.html</a>
906 ## - LOCAL DATA ELEMENT F, LDF (RLIN)
a 7
b cbc
c pccadap
d 2
e ncip
f 20
g y-gencatlg
942 ## - ADDED ENTRY ELEMENTS (KOHA)
Source of classification or shelving scheme Library of Congress Classification
Koha item type Books
Classification part 643.8
Item part HOL
Call number prefix RA
Holdings
Withdrawn status Lost status Source of classification or shelving scheme Damaged status Not for loan Collection code Home library Current library Shelving location Date acquired Total Checkouts Full call number Barcode Date last seen Copy number Price effective from Koha item type Inventory number
    Library of Congress Classification     Non-fiction City Campus Library City Campus Library General Stacks 03/10/2021   RA643.8 HOL 2003 006850 03/10/2021 c.1 03/10/2021 Books  
    Library of Congress Classification     Non-fiction City Campus Library City Campus Library General Stacks 03/10/2021   RA643.8 HOL 2003 B016231 03/10/2021 c. 2 03/10/2021 Books  
    Library of Congress Classification     Non-fiction City Campus Library City Campus Library General Stacks 04/12/2021   643.8 HOL 2003 *b016232* 04/12/2021 c. 3 04/12/2021 Books  
    Library of Congress Classification     Non-fiction Mashava Campus Library Mashava Campus Library General Stacks 05/26/2021   RA 643.8 HOL 2003 006851 05/26/2021 c. 4 05/26/2021 Books 17290